000 00788nam a22002057a 4500
999 _c101252
_d101252
005 20181204124049.0
010 _aENG-115411
020 _a9781470425890
_c975.00
035 _aEN-98943
037 _bDBAD/PUB
082 _a515.7
100 _aBressan, Alberto
245 _aLecture notes on functional anlysis :
_b with applications to linear partial differential equations /
_cby Alberto Bressan
260 _aRhode Island
_bAmerican Mathematical Society
_c2016
270 _aDistributed by-Universties Press,3-6-747/1/A & 3-6 754/1,Himayatnagar
_bHyderabad (Telagana)
_e500029
300 _axii,250p
_c24cm(pbk)
490 _aVol-143 ; Graduate Studies In Mathematics
500 _aIncludes bibliographical references and Index
942 _2ddc
_cEN
_h515.7
_mBRE